[Event "GM Round Robin-Orbis 2018"]
[Site "Paracin hotel Orbis"]
[Date "2018.07.16"]
[Round "4.2"]
[White "Raghunandan, Kaumandur Srihari"]
[Black "Peng, Shunkai"]
[Result "1-0"]
[BlackElo "2390"]
[WhiteElo "2417"]
[LiveChessVersion "1.4.8"]

1. Nf3 {[%clk 1:30:43]} d5 {[%clk 1:30:25]} 2. g3 {[%clk 1:30:44]} Nf6
{[%clk 1:30:31]} 3. Bg2 {[%clk 1:31:08]} c6 {[%clk 1:30:45]} 4. O-O
{[%clk 1:31:30]} Bg4 {[%clk 1:30:51]} 5. d3 {[%clk 1:31:44]} Nbd7
{[%clk 1:29:14]} 6. Nbd2 {[%clk 1:31:59]} e5 {[%clk 1:26:30]} 7. h3
{[%clk 1:32:21]} Bxf3 {[%clk 1:23:36]} 8. Bxf3 {[%clk 1:31:34]} Bc5
{[%clk 1:22:49]} 9. e4 {[%clk 1:30:39]} Qc7 {[%clk 1:20:18]} 10. c3
{[%clk 1:26:06]} O-O {[%clk 1:15:07]} 11. Bg2 {[%clk 1:24:20]} Rad8
{[%clk 1:14:27]} 12. Qe2 {[%clk 1:20:12]} Rfe8 {[%clk 1:12:02]} 13. Nf3
{[%clk 1:14:22]} h6 {[%clk 1:06:23]} 14. Nh4 {[%clk 1:12:55]} Bf8
{[%clk 1:05:00]} 15. Nf5 {[%clk 1:10:46]} Kh7 {[%clk 0:54:25]} 16. Kh1
{[%clk 0:37:40]} g6 {[%clk 0:37:47]} 17. Nh4 {[%clk 0:37:51]} Nc5
{[%clk 0:33:19]} 18. b4 {[%clk 0:37:05]} Ne6 {[%clk 0:31:25]} 19. a3
{[%clk 0:36:55]} Bg7 {[%clk 0:30:03]} 20. Nf3 {[%clk 0:34:30]} Kg8
{[%clk 0:26:08]} 21. Bb2 {[%clk 0:31:28]} Nd7 {[%clk 0:23:50]} 22. h4
{[%clk 0:30:57]} h5 {[%clk 0:22:49]} 23. Rfe1 {[%clk 0:26:35]} dxe4
{[%clk 0:21:35]} 24. dxe4 {[%clk 0:26:53]} a5 {[%clk 0:19:58]} 25. Bh3
{[%clk 0:25:48]} Ndf8 {[%clk 0:19:05]} 26. Bc1 {[%clk 0:25:11]} Kh7
{[%clk 0:15:14]} 27. Be3 {[%clk 0:24:10]} Bh6 {[%clk 0:12:55]} 28. Ng5+
{[%clk 0:22:53]} Kg7 {[%clk 0:11:30]} 29. bxa5 {[%clk 0:20:15]} Qxa5
{[%clk 0:08:30]} 30. Nxf7 {[%clk 0:19:16]} Kxf7 {[%clk 0:08:48]} 31. Bxh6
{[%clk 0:19:26]} Qxc3 {[%clk 0:09:04]} 32. Rab1 {[%clk 0:17:49]} Qxa3
{[%clk 0:05:06]} 33. Rxb7+ {[%clk 0:17:41]} Rd7 {[%clk 0:04:30]} 34. Bxf8
{[%clk 0:16:44]} 1-0

[Event "GM Round Robin-Orbis 2018"]
[Site "Paracin hotel Orbis"]
[Date "2018.07.16"]
[Round "4.3"]
[White "Yilmazyerli, Mert"]
[Black "Radovanovic, Mihajlo"]
[Result "1/2-1/2"]
[BlackElo "2402"]
[WhiteElo "2491"]
[LiveChessVersion "1.4.8"]

1. e4 {[%clk 1:30:54]} c5 {[%clk 1:30:52]} 2. Nc3 {[%clk 1:31:19]} Nc6
{[%clk 1:30:27]} 3. Nf3 {[%clk 1:31:36]} g6 {[%clk 1:30:37]} 4. d4
{[%clk 1:31:36]} cxd4 {[%clk 1:31:01]} 5. Nxd4 {[%clk 1:32:01]} Bg7
{[%clk 1:31:27]} 6. Be3 {[%clk 1:32:20]} Nf6 {[%clk 1:31:52]} 7. Bc4
{[%clk 1:32:29]} O-O {[%clk 1:32:13]} 8. Bb3 {[%clk 1:32:40]} Re8
{[%clk 1:29:23]} 9. O-O {[%clk 1:29:38]} d6 {[%clk 1:29:13]} 10. h3
{[%clk 1:28:30]} Bd7 {[%clk 1:27:42]} 11. Re1 {[%clk 1:24:01]} Na5
{[%clk 1:25:07]} 12. Qd3 {[%clk 1:19:59]} a6 {[%clk 1:15:57]} 13. Rad1
{[%clk 1:17:20]} Rc8 {[%clk 1:14:40]} 14. Nd5 {[%clk 1:07:18]} Nxb3
{[%clk 1:04:33]} 15. axb3 {[%clk 1:05:47]} Nxd5 {[%clk 1:04:53]} 16. exd5
{[%clk 1:06:11]} Qa5 {[%clk 1:05:12]} 17. c4 {[%clk 1:01:37]} b5 {[%clk 1:03:44]}
18. Ra1 {[%clk 0:57:35]} Qb4 {[%clk 0:59:19]} 19. Rec1 {[%clk 0:49:46]} 1/2-1/2

[Event "GM Round Robin-Orbis 2018"]
[Site "Paracin hotel Orbis"]
[Date "2018.07.16"]
[Round "4.4"]
[White "Djordjevic, Vuk"]
[Black "Savic, Miodrag R"]
[Result "1/2-1/2"]
[BlackElo "2541"]
[WhiteElo "2403"]
[LiveChessVersion "1.4.8"]

1. d4 Nf6 2. Bg5 e6 3. e4 h6 4. Bxf6 Qxf6 5. c3 d6 6. Bd3 c5 7. Nf3 Nd7 8. O-O a6
9. Re1 Qd8 10. a4 b6 11. b4 Be7 12. bxc5 bxc5 13. Nbd2 O-O 14. Rb1 Qc7 15. Nc4
Rb8 16. Qe2 Bb7 17. a5 Ba8 18. Ra1 cxd4 19. cxd4 Rfc8 20. Ncd2 Qa7 21. Bxa6 Rc3
22. Rec1 Qc7 23. Qd1 Bd8 24. Rcb1 Nf6 25. Rxb8 Qxb8 26. Qb1 Qa7 27. Bf1 d5 28. e5
Ne4 29. Qb4 Rc8 30. Qa4 Bc6 31. Qc2 Bb7 32. Qa4 Bc6 33. Qc2 g5 34. h3 h5 35. Nb3
Bd7 36. Qd1 Rc3 37. a6 g4 38. hxg4 hxg4 39. Nfd2 g3 40. fxg3 Nxd2 41. Qg4+ Kf8
42. Nxd2 Bb6 43. Qg5 Bxd4+ 44. Kh2 Bg1+ 45. Kh1 Be3 46. Qd8+ Kg7 47. Qf6+ Kg8 48.
Qd8+ Kg7 49. Qf6+ Kg8 50. Nf3 Rc1 51. Rxc1 Bxc1 52. Bd3 Bc6 53. Qd8+ Kg7 54. Qf6+
Kg8 55. Qd8+ Kg7 56. Qd6 Qa8 57. Qe7 Qh8+ 58. Nh4 Be3 59. Kh2 Qf8 60. Qf6+ Kg8
61. Qf3 Qh6 62. Qd1 Qg5 63. Qf3 Qxe5 64. Qg4+ Qg5 65. Qf3 Ba7 66. Kh3 Qc1 67.
Qg4+ Kf8 68. Qb4+ Qc5 69. Qf4 Ke7 70. Nf3 f6 71. Qg4 Qe3 72. Qg7+ Kd6 73. Qf8+
Kc7 74. Qe7+ Kc8 75. Qf8+ Kc7 76. Qe7+ Kc8 77. Qf8+ 1/2-1/2

[Event "GM Round Robin-Orbis 2018"]
[Site "Paracin hotel Orbis"]
[Date "2018.07.16"]
[Round "4.5"]
[White "Raja, Rithvik R"]
[Black "Lorparizangeneh, Shahin"]
[Result "1-0"]
[BlackElo "2493"]
[WhiteElo "2343"]
[LiveChessVersion "1.4.8"]

1. d4 {[%clk 1:30:58]} Nf6 {[%clk 1:28:38]} 2. c4 {[%clk 1:31:15]} e6
{[%clk 1:28:58]} 3. g3 {[%clk 1:31:37]} d5 {[%clk 1:28:45]} 4. Nf3
{[%clk 1:32:01]} dxc4 {[%clk 1:28:34]} 5. Bg2 {[%clk 1:32:26]} Bb4+
{[%clk 1:28:47]} 6. Bd2 {[%clk 1:32:47]} a5 {[%clk 1:29:10]} 7. Qc2
{[%clk 1:33:05]} Bxd2+ {[%clk 1:29:01]} 8. Qxd2 {[%clk 1:33:26]} c6
{[%clk 1:29:20]} 9. a4 {[%clk 1:33:44]} Ne4 {[%clk 1:29:11]} 10. Qf4
{[%clk 1:33:50]} Qb6 {[%clk 1:24:28]} 11. O-O {[%clk 1:33:53]} Qxb2
{[%clk 1:20:36]} 12. Ne5 {[%clk 1:34:11]} O-O {[%clk 1:17:03]} 13. Na3
{[%clk 1:34:31]} Nc3 {[%clk 1:09:28]} 14. Qe3 {[%clk 1:34:20]} Nxe2+
{[%clk 1:01:57]} 15. Kh1 {[%clk 1:34:44]} Nc3 {[%clk 1:01:59]} 16. Naxc4
{[%clk 1:35:04]} Qb4 {[%clk 1:01:17]} 17. Rfc1 {[%clk 1:35:21]} Nd5
{[%clk 0:50:37]} 18. Bxd5 {[%clk 1:35:28]} exd5 {[%clk 0:49:54]} 19. Nd3
{[%clk 1:35:50]} Qxc4 {[%clk 0:48:48]} 20. Rxc4 {[%clk 1:36:17]} dxc4
{[%clk 0:49:10]} 21. Nf4 {[%clk 1:36:43]} Na6 {[%clk 0:38:52]} 22. Nh5
{[%clk 1:21:59]} Nb4 {[%clk 0:34:57]} 23. Qg5 {[%clk 1:18:41]} g6
{[%clk 0:35:12]} 24. Nf6+ {[%clk 1:19:03]} Kg7 {[%clk 0:35:37]} 25. Qe5
{[%clk 1:16:25]} Kh6 {[%clk 0:28:49]} 26. g4 {[%clk 1:16:13]} g5 {[%clk 0:27:43]}
27. h4 {[%clk 1:16:29]} gxh4 {[%clk 0:27:53]} 28. Qh5+ {[%clk 1:16:45]} Kg7
{[%clk 0:28:19]} 29. Qg5+ {[%clk 1:17:13]} 1-0

[Event "GM Round Robin-Orbis 2018"]
[Site "Paracin hotel Orbis"]
[Date "2018.07.17"]
[Round "5.1"]
[White "Lorparizangeneh, Shahin"]
[Black "Atalik, Suat"]
[Result "1/2-1/2"]
[BlackElo "2509"]
[WhiteElo "2493"]
[LiveChessVersion "1.4.8"]

1. g3 {[%clk 1:30:42]} d5 {[%clk 1:30:15]} 2. Nf3 {[%clk 1:31:05]} Nf6
{[%clk 1:30:03]} 3. Bg2 {[%clk 1:31:29]} e6 {[%clk 1:29:45]} 4. O-O
{[%clk 1:30:47]} Be7 {[%clk 1:29:49]} 5. c4 {[%clk 1:29:18]} O-O {[%clk 1:29:43]}
6. d4 {[%clk 1:25:59]} dxc4 {[%clk 1:29:37]} 7. Qc2 {[%clk 1:26:17]} a6
{[%clk 1:29:28]} 8. a4 {[%clk 1:26:40]} Bd7 {[%clk 1:29:07]} 9. Qxc4
{[%clk 1:26:46]} Bc6 {[%clk 1:28:47]} 10. Bf4 {[%clk 1:27:09]} Nbd7
{[%clk 1:28:47]} 11. Nc3 {[%clk 1:23:54]} Bd6 {[%clk 1:29:05]} 12. Bd2
{[%clk 1:22:14]} a5 {[%clk 1:20:56]} 13. Qd3 {[%clk 1:13:09]} Bb4
{[%clk 1:19:21]} 14. Rfe1 {[%clk 1:06:43]} Re8 {[%clk 1:07:02]} 15. Qc2
{[%clk 0:56:30]} Bxf3 {[%clk 1:04:33]} 16. Bxf3 {[%clk 0:56:54]} c6
{[%clk 1:04:59]} 17. Red1 {[%clk 0:54:07]} Qb6 {[%clk 1:03:12]} 18. Bg5
{[%clk 0:44:13]} h6 {[%clk 1:03:10]} 19. Bxf6 {[%clk 0:44:34]} Nxf6
{[%clk 1:03:34]} 20. Ne4 {[%clk 0:44:47]} Nxe4 {[%clk 1:02:58]} 21. Bxe4
{[%clk 0:44:53]} Rad8 {[%clk 1:01:17]} 22. e3 {[%clk 0:45:05]} Rd6
{[%clk 1:00:43]} 23. Rd3 {[%clk 0:37:15]} Qd8 {[%clk 0:59:37]} 24. Rad1
{[%clk 0:36:34]} Re7 {[%clk 0:59:46]} 25. Qc4 {[%clk 0:34:04]} Red7
{[%clk 0:59:18]} 26. Bg2 {[%clk 0:33:28]} Qe7 {[%clk 0:58:54]} 27. h4
{[%clk 0:29:02]} h5 {[%clk 0:57:57]} 28. Bf3 {[%clk 0:28:38]} g6 {[%clk 0:58:15]}
29. Bg2 {[%clk 0:28:18]} Kg7 {[%clk 0:58:29]} 30. b3 {[%clk 0:22:44]} e5
{[%clk 0:55:14]} 31. dxe5 {[%clk 0:20:06]} Qxe5 {[%clk 0:51:25]} 32. Rxd6
{[%clk 0:17:40]} Rxd6 {[%clk 0:51:48]} 33. Rxd6 {[%clk 0:18:05]} Qxd6
{[%clk 0:51:54]} 34. Be4 {[%clk 0:15:27]} Qf6 {[%clk 0:49:13]} 35. Kf1
{[%clk 0:13:38]} Qa1+ {[%clk 0:48:52]} 36. Kg2 {[%clk 0:13:51]} Qe5
{[%clk 0:45:18]} 37. Bf3 {[%clk 0:10:29]} f5 {[%clk 0:42:20]} 38. Qd4
{[%clk 0:09:48]} Qxd4 {[%clk 0:42:44]} 39. exd4 {[%clk 0:10:14]} Bd6
{[%clk 0:42:49]} 40. d5 {[%clk 0:38:52]} c5 {[%clk 1:11:07]} 41. Be2
{[%clk 0:39:17]} f4 {[%clk 1:10:40]} 42. Kf3 {[%clk 0:39:16]} fxg3
{[%clk 1:10:59]} 43. fxg3 {[%clk 0:39:43]} Kf6 {[%clk 1:10:59]} 44. Bd3
{[%clk 0:39:33]} g5 {[%clk 1:10:49]} 45. hxg5+ {[%clk 0:39:56]} Kxg5
{[%clk 1:11:15]} 46. Kg2 {[%clk 0:36:50]} b6 {[%clk 1:09:50]} 47. Kh3
{[%clk 0:34:14]} Bb8 {[%clk 1:08:32]} 48. Be2 {[%clk 0:33:18]} Be5
{[%clk 1:08:32]} 49. Bd3 {[%clk 0:33:28]} Bd6 {[%clk 1:08:47]} 50. Be2
{[%clk 0:33:29]} Be5 {[%clk 1:08:07]} 51. Bd3 {[%clk 0:33:53]} Bd6
{[%clk 1:08:10]} 52. Be2 {[%clk 0:34:17]} Be5 {[%clk 1:08:37]} 1/2-1/2

[Event "GM Round Robin-Orbis 2018"]
[Site "Paracin hotel Orbis"]
[Date "2018.07.17"]
[Round "5.2"]
[White "Savic, Miodrag R"]
[Black "Raja, Rithvik R"]
[Result "1/2-1/2"]
[BlackElo "2343"]
[WhiteElo "2541"]
[LiveChessVersion "1.4.8"]

1. e4 {[%clk 1:30:40]} c5 {[%clk 1:30:55]} 2. c3 {[%clk 1:29:55]} Nf6
{[%clk 1:31:18]} 3. e5 {[%clk 1:29:33]} Nd5 {[%clk 1:31:43]} 4. Nf3
{[%clk 1:29:34]} e6 {[%clk 1:32:08]} 5. d4 {[%clk 1:29:51]} cxd4 {[%clk 1:32:33]}
6. cxd4 {[%clk 1:29:03]} d6 {[%clk 1:32:59]} 7. a3 {[%clk 1:25:48]} Bd7
{[%clk 1:32:51]} 8. Nbd2 {[%clk 1:21:40]} Bc6 {[%clk 1:30:51]} 9. Nc4
{[%clk 1:21:57]} Nd7 {[%clk 1:25:22]} 10. exd6 {[%clk 1:15:24]} N7f6
{[%clk 1:24:11]} 11. Nfe5 {[%clk 1:12:07]} Bxd6 {[%clk 1:24:07]} 12. Nxc6
{[%clk 1:11:27]} bxc6 {[%clk 1:24:33]} 13. g3 {[%clk 1:10:50]} O-O
{[%clk 1:22:36]} 14. Bg2 {[%clk 1:11:15]} Be7 {[%clk 1:16:12]} 15. O-O
{[%clk 1:08:00]} Rc8 {[%clk 1:15:15]} 16. Bd2 {[%clk 0:55:54]} c5
{[%clk 1:07:41]} 17. dxc5 {[%clk 0:56:01]} Bxc5 {[%clk 1:08:04]} 18. Rc1
{[%clk 0:55:44]} Qe7 {[%clk 1:02:34]} 19. b4 {[%clk 0:54:38]} Bd4
{[%clk 1:00:31]} 20. Qe2 {[%clk 0:47:52]} Rc7 {[%clk 0:46:58]} 21. Qd3
{[%clk 0:45:16]} Rd8 {[%clk 0:41:44]} 22. Qxd4 {[%clk 0:39:18]} Nb6
{[%clk 0:41:52]} 23. Qh4 {[%clk 0:18:09]} Rxc4 {[%clk 0:41:15]} 24. Rxc4
{[%clk 0:18:15]} Nxc4 {[%clk 0:41:43]} 25. Bc1 {[%clk 0:17:12]} Qc7
{[%clk 0:24:17]} 26. Bg5 {[%clk 0:13:34]} Nd2 {[%clk 0:20:05]} 27. Bxf6
{[%clk 0:09:37]} gxf6 {[%clk 0:20:34]} 28. Rd1 {[%clk 0:09:08]} Qe5
{[%clk 0:18:07]} 29. Qg4+ {[%clk 0:06:01]} Kf8 {[%clk 0:17:20]} 30. Rc1
{[%clk 0:01:59]} Nb3 {[%clk 0:14:46]} 31. Rd1 {[%clk 0:02:01]} Nd2
{[%clk 0:14:50]} 32. Qf4 {[%clk 0:02:15]} Qxf4 {[%clk 0:13:37]} 33. gxf4
{[%clk 0:02:44]} f5 {[%clk 0:13:30]} 34. b5 {[%clk 0:02:46]} Ke7 {[%clk 0:13:23]}
35. a4 {[%clk 0:03:02]} Nb3 {[%clk 0:12:35]} 36. Rb1 {[%clk 0:03:02]} 1/2-1/2

[Event "GM Round Robin-Orbis 2018"]
[Site "Paracin hotel Orbis"]
[Date "2018.07.17"]
[Round "5.3"]
[White "Radovanovic, Mihajlo"]
[Black "Djordjevic, Vuk"]
[Result "0-1"]
[BlackElo "2403"]
[WhiteElo "2402"]
[LiveChessVersion "1.4.8"]

1. Nf3 {[%clk 1:29:08]} Nf6 {[%clk 1:30:47]} 2. g3 {[%clk 1:29:31]} d5
{[%clk 1:30:25]} 3. Bg2 {[%clk 1:29:52]} e6 {[%clk 1:30:24]} 4. O-O
{[%clk 1:30:14]} Be7 {[%clk 1:30:40]} 5. d3 {[%clk 1:30:38]} b5 {[%clk 1:28:31]}
6. Nbd2 {[%clk 1:30:19]} O-O {[%clk 1:28:20]} 7. e4 {[%clk 1:30:22]} c5
{[%clk 1:25:46]} 8. e5 {[%clk 1:29:05]} Nfd7 {[%clk 1:26:12]} 9. Re1
{[%clk 1:29:29]} Nc6 {[%clk 1:25:52]} 10. Nf1 {[%clk 1:29:51]} a5
{[%clk 1:26:08]} 11. h4 {[%clk 1:29:21]} b4 {[%clk 1:25:03]} 12. h5
{[%clk 1:29:23]} Ba6 {[%clk 1:18:47]} 13. h6 {[%clk 1:29:24]} g6 {[%clk 1:19:15]}
14. N1h2 {[%clk 1:29:20]} a4 {[%clk 1:19:27]} 15. a3 {[%clk 1:26:31]} bxa3
{[%clk 1:17:31]} 16. bxa3 {[%clk 1:26:52]} Rb8 {[%clk 1:10:30]} 17. Ng4
{[%clk 1:26:18]} Na7 {[%clk 1:08:28]} 18. Bd2 {[%clk 1:18:26]} Nc6
{[%clk 0:52:46]} 19. Qc1 {[%clk 1:13:33]} Nd4 {[%clk 0:49:58]} 20. Nxd4
{[%clk 1:13:11]} cxd4 {[%clk 0:50:27]} 21. Ra2 {[%clk 1:11:53]} Re8
{[%clk 0:38:16]} 22. Qa1 {[%clk 1:05:49]} Qb6 {[%clk 0:38:18]} 23. Bb4
{[%clk 1:05:00]} Bxb4 {[%clk 0:31:58]} 24. axb4 {[%clk 1:05:23]} Bb5
{[%clk 0:30:00]} 25. Qc1 {[%clk 1:05:04]} Bc6 {[%clk 0:30:09]} 26. Rb2
{[%clk 1:00:48]} a3 {[%clk 0:27:18]} 27. Rb3 {[%clk 0:59:56]} Ba4
{[%clk 0:26:06]} 28. Rxa3 {[%clk 1:00:19]} Qxb4 {[%clk 0:26:29]} 29. Qa1
{[%clk 0:45:18]} Bc6 {[%clk 0:15:57]} 30. Rb3 {[%clk 0:40:56]} Qd2
{[%clk 0:11:18]} 31. Qc1 {[%clk 0:41:13]} Qxc1 {[%clk 0:04:30]} 32. Rxc1
{[%clk 0:41:42]} Kf8 {[%clk 0:03:39]} 33. Ra3 {[%clk 0:22:05]} Ke7
{[%clk 0:01:36]} 34. c3 {[%clk 0:17:49]} Ra8 {[%clk 0:00:53]} 35. Rxa8
{[%clk 0:16:27]} Rxa8 {[%clk 0:01:21]} 36. cxd4 {[%clk 0:16:09]} Bb5
{[%clk 0:01:51]} 37. Rc7 {[%clk 0:15:45]} Kd8 {[%clk 0:02:00]} 38. Rb7
{[%clk 0:14:35]} Bc6 {[%clk 0:01:35]} 39. Rb4 {[%clk 0:14:37]} Ke7
{[%clk 0:00:53]} 40. Bf3 {[%clk 0:39:50]} Ra3 {[%clk 0:31:00]} 41. Be2
{[%clk 0:39:55]} Ra2 {[%clk 0:23:30]} 42. Kf1 {[%clk 0:40:14]} Ra3
{[%clk 0:23:04]} 43. Bd1 {[%clk 0:39:19]} Ra2 {[%clk 0:21:59]} 44. Ke1
{[%clk 0:39:04]} Kd8 {[%clk 0:20:40]} 45. Rb1 {[%clk 0:36:17]} Kc7
{[%clk 0:19:10]} 46. Bb3 {[%clk 0:36:01]} Ra3 {[%clk 0:18:53]} 47. Kd2
{[%clk 0:36:12]} Kd8 {[%clk 0:19:01]} 48. Kc3 {[%clk 0:28:55]} Ra7
{[%clk 0:19:19]} 49. Rb2 {[%clk 0:27:55]} Ke7 {[%clk 0:17:37]} 50. Ra2
{[%clk 0:25:02]} Rb7 {[%clk 0:16:19]} 51. Ra5 {[%clk 0:20:23]} g5
{[%clk 0:14:32]} 52. Ba4 {[%clk 0:15:00]} Bxa4 {[%clk 0:14:22]} 53. Rxa4
{[%clk 0:15:29]} f5 {[%clk 0:14:18]} 54. exf6+ {[%clk 0:12:44]} Nxf6
{[%clk 0:14:44]} 55. Ne5 {[%clk 0:12:34]} Ng8 {[%clk 0:09:59]} 56. Ra1
{[%clk 0:09:49]} Rc7+ {[%clk 0:09:13]} 57. Kd2 {[%clk 0:10:12]} Kf6
{[%clk 0:07:39]} 58. Rh1 {[%clk 0:10:34]} Ne7 {[%clk 0:07:16]} 59. g4
{[%clk 0:10:30]} Ng6 {[%clk 0:06:24]} 60. Nf3 {[%clk 0:06:56]} Nf4
{[%clk 0:06:29]} 61. Ne5 {[%clk 0:06:57]} Ng6 {[%clk 0:04:21]} 62. Re1
{[%clk 0:05:31]} Nxe5 {[%clk 0:02:05]} 63. Rxe5 {[%clk 0:02:25]} Ra7
{[%clk 0:02:31]} 64. Ke3 {[%clk 0:02:11]} Ra3 {[%clk 0:02:39]} 65. Ke2
{[%clk 0:01:53]} Ra4 {[%clk 0:02:51]} 66. Ke3 {[%clk 0:02:20]} Ra3
{[%clk 0:03:17]} 67. Ke2 {[%clk 0:02:03]} Ra4 {[%clk 0:03:03]} 68. Ke3
{[%clk 0:02:06]} Ra3 {[%clk 0:03:27]} 69. Kd2 {[%clk 0:02:30]} Ra2+
{[%clk 0:03:17]} 70. Ke3 {[%clk 0:02:55]} Ra3 {[%clk 0:03:41]} 71. f3
{[%clk 0:03:18]} Ra4 {[%clk 0:03:06]} 72. Kd2 {[%clk 0:03:20]} Rxd4
{[%clk 0:03:26]} 73. Re1 {[%clk 0:03:45]} Ra4 {[%clk 0:02:44]} 74. Rb1
{[%clk 0:03:41]} Ra2+ {[%clk 0:02:47]} 75. Ke3 {[%clk 0:04:00]} Rh2
{[%clk 0:03:03]} 76. Rb8 {[%clk 0:04:19]} Rxh6 {[%clk 0:02:30]} 77. Rf8+
{[%clk 0:04:33]} Kg7 {[%clk 0:01:39]} 78. Re8 {[%clk 0:04:49]} Kf7
{[%clk 0:02:02]} 79. Ra8 {[%clk 0:04:59]} Rh3 {[%clk 0:02:25]} 80. Rb8
{[%clk 0:04:17]} h5 {[%clk 0:01:15]} 81. gxh5 {[%clk 0:04:42]} g4
{[%clk 0:00:36]} 82. Kf4 {[%clk 0:04:23]} gxf3 {[%clk 0:00:41]} 83. Rb2
{[%clk 0:03:48]} Rxh5 {[%clk 0:00:47]} 84. Kxf3 {[%clk 0:04:17]} Rh3+
{[%clk 0:01:08]} 85. Kf4 {[%clk 0:04:01]} Rxd3 {[%clk 0:01:28]} 86. Kg5
{[%clk 0:03:37]} Ke7 {[%clk 0:01:23]} 87. Rb6 {[%clk 0:03:53]} Rf3
{[%clk 0:01:37]} 88. Ra6 {[%clk 0:04:05]} Rf5+ {[%clk 0:01:55]} 89. Kg6
{[%clk 0:04:27]} d4 {[%clk 0:01:20]} 90. Rb6 {[%clk 0:04:23]} d3 {[%clk 0:01:10]}
91. Rb2 {[%clk 0:04:18]} Rd5 {[%clk 0:01:30]} 92. Rd2 {[%clk 0:04:43]} Kd6
{[%clk 0:01:53]} 93. Kf6 {[%clk 0:05:09]} Rd4 {[%clk 0:02:19]} 0-1

[Event "GM Round Robin-Orbis 2018"]
[Site "Paracin hotel Orbis"]
[Date "2018.07.17"]
[Round "5.4"]
[White "Peng, Shunkai"]
[Black "Yilmazyerli, Mert"]
[Result "1-0"]
[BlackElo "2491"]
[WhiteElo "2390"]
[LiveChessVersion "1.4.8"]

1. e4 g6 2. d4 Bg7 3. c4 d6 4. Nc3 Nf6 5. h3 O-O 6. Bg5 c5 7. d5 e6 8. Bd3 exd5
9. cxd5 a6 10. a4 Nbd7 11. Nf3 h6 12. Bf4 Qe7 13. O-O g5 14. Bh2 Ne8 15. a5 Rb8
16. Qe2 Nc7 17. Rfe1 Ne5 18. Nxe5 Bxe5 19. Bxe5 Qxe5 20. Na4 Na8 21. Nc3 Nc7 22.
Na4 Na8 23. b3 Bd7 24. Nb2 Rbe8 25. Nc4 Qf6 26. e5 dxe5 27. Qe4 Qg7 28. Nd6 Re7
29. Nxb7 f5 30. Qe2 f4 31. Nxc5 f3 32. Qe4 g4 33. Nxd7 g3 34. Qh7+ 1-0

[Event "GM Round Robin-Orbis 2018"]
[Site "Paracin hotel Orbis"]
[Date "2018.07.18"]
[Round "7.2"]
[White "Radovanovic, Mihajlo"]
[Black "Lorparizangeneh, Shahin"]
[Result "1/2-1/2"]
[BlackElo "2493"]
[WhiteElo "2402"]
[LiveChessVersion "1.4.8"]

1. Nf3 {[%clk 1:30:59]} d5 {[%clk 1:30:16]} 2. g3 {[%clk 1:31:16]} Bg4
{[%clk 1:30:32]} 3. Bg2 {[%clk 1:31:39]} c6 {[%clk 1:30:51]} 4. O-O
{[%clk 1:32:04]} Nd7 {[%clk 1:31:16]} 5. d3 {[%clk 1:32:27]} Ngf6
{[%clk 1:31:28]} 6. h3 {[%clk 1:32:43]} Bh5 {[%clk 1:31:42]} 7. Qe1
{[%clk 1:33:08]} e5 {[%clk 1:31:51]} 8. e4 {[%clk 1:33:31]} dxe4 {[%clk 1:32:10]}
9. dxe4 {[%clk 1:33:57]} Bc5 {[%clk 1:32:30]} 10. a4 {[%clk 1:33:53]} O-O
{[%clk 1:32:44]} 11. Na3 {[%clk 1:33:34]} Re8 {[%clk 1:30:31]} 12. Nh4
{[%clk 1:31:35]} Bg6 {[%clk 1:26:05]} 13. Bd2 {[%clk 1:29:17]} Qc7
{[%clk 1:00:55]} 14. Nxg6 {[%clk 1:14:50]} hxg6 {[%clk 1:00:42]} 15. Qe2
{[%clk 1:13:12]} a5 {[%clk 0:50:28]} 16. h4 {[%clk 1:12:32]} Bb4 {[%clk 0:42:08]}
17. Bg5 {[%clk 1:12:38]} Bf8 {[%clk 0:40:38]} 18. Rfd1 {[%clk 1:08:22]} Nb6
{[%clk 0:33:28]} 19. Bxf6 {[%clk 1:06:35]} gxf6 {[%clk 0:33:53]} 20. h5
{[%clk 1:07:01]} Rad8 {[%clk 0:32:03]} 21. Qf3 {[%clk 1:01:28]} Rxd1+
{[%clk 0:27:23]} 22. Rxd1 {[%clk 1:01:50]} Rd8 {[%clk 0:27:38]} 23. Rb1
{[%clk 0:54:24]} Kg7 {[%clk 0:26:11]} 24. Bf1 {[%clk 0:53:59]} Bc5
{[%clk 0:19:21]} 25. Bd3 {[%clk 0:46:37]} Rh8 {[%clk 0:15:45]} 26. hxg6
{[%clk 0:46:30]} fxg6 {[%clk 0:16:12]} 27. Nc4 {[%clk 0:46:45]} Nxa4
{[%clk 0:14:23]} 28. c3 {[%clk 0:45:12]} b5 {[%clk 0:13:32]} 29. Nd2
{[%clk 0:45:17]} Be7 {[%clk 0:10:06]} 30. Nf1 {[%clk 0:43:32]} Nc5
{[%clk 0:08:50]} 31. Bc2 {[%clk 0:43:13]} Ne6 {[%clk 0:08:46]} 32. Rd1
{[%clk 0:42:04]} Rd8 {[%clk 0:06:51]} 33. Rxd8 {[%clk 0:42:03]} Qxd8
{[%clk 0:06:50]} 34. Qg4 {[%clk 0:42:29]} Ng5 {[%clk 0:06:13]} 35. f4
{[%clk 0:42:49]} Nf7 {[%clk 0:05:53]} 36. Kf2 {[%clk 0:40:52]} Nh6
{[%clk 0:04:47]} 37. Qh3 {[%clk 0:37:10]} Bc5+ {[%clk 0:04:23]} 38. Ke2
{[%clk 0:37:25]} exf4 {[%clk 0:01:24]} 39. gxf4 {[%clk 0:37:49]} Qd6
{[%clk 0:01:27]} 40. Bb3 {[%clk 1:05:26]} a4 {[%clk 0:31:09]} 41. Ba2
{[%clk 1:04:59]} Qe7 {[%clk 0:27:15]} 42. Ng3 {[%clk 1:04:00]} Bb6
{[%clk 0:25:45]} 43. Qc8 {[%clk 0:52:53]} Bc7 {[%clk 0:23:45]} 44. e5
{[%clk 0:49:41]} fxe5 {[%clk 0:21:17]} 45. f5 {[%clk 0:49:59]} e4
{[%clk 0:20:36]} 46. Qe6 {[%clk 0:48:51]} Qxe6 {[%clk 0:19:20]} 47. fxe6
{[%clk 0:49:19]} Kf6 {[%clk 0:19:27]} 48. Nxe4+ {[%clk 0:49:41]} Ke7
{[%clk 0:19:54]} 49. Ng5 {[%clk 0:46:16]} Be5 {[%clk 0:17:12]} 50. Nf7
{[%clk 0:41:23]} Bg7 {[%clk 0:08:10]} 51. Nxh6 {[%clk 0:40:28]} Bxh6
{[%clk 0:08:39]} 52. Bb1 {[%clk 0:37:37]} Bc1 {[%clk 0:08:51]} 53. Bxg6
{[%clk 0:37:59]} Bxb2 {[%clk 0:09:08]} 54. Kd3 {[%clk 0:38:22]} Kxe6
{[%clk 0:07:08]} 55. Kc2 {[%clk 0:37:53]} Ba3 {[%clk 0:07:18]} 56. Be4
{[%clk 0:37:49]} Kd6 {[%clk 0:07:32]} 57. Bf3 {[%clk 0:38:01]} Bc5
{[%clk 0:04:50]} 58. Be4 {[%clk 0:38:09]} Be3 {[%clk 0:05:08]} 59. Bg6
{[%clk 0:36:53]} Bf4 {[%clk 0:04:58]} 60. Bf7 {[%clk 0:36:41]} Be5
{[%clk 0:05:16]} 61. Bg6 {[%clk 0:33:47]} Kc5 {[%clk 0:04:36]} 62. Bf7
{[%clk 0:34:04]} Kb6 {[%clk 0:04:59]} 63. Be8 {[%clk 0:33:58]} Kc7
{[%clk 0:04:36]} 64. Bg6 {[%clk 0:33:59]} Bf6 {[%clk 0:04:03]} 65. Bh5
{[%clk 0:33:43]} Kb6 {[%clk 0:03:39]} 66. Be8 {[%clk 0:33:56]} Bg7
{[%clk 0:04:03]} 67. Bd7 {[%clk 0:34:13]} Bh6 {[%clk 0:02:09]} 68. Be8
{[%clk 0:34:25]} a3 {[%clk 0:00:38]} 69. Kb3 {[%clk 0:34:04]} Bc1
{[%clk 0:01:00]} 70. Bf7 {[%clk 0:32:23]} Kc5 {[%clk 0:00:35]} 71. Be6
{[%clk 0:32:03]} Kd6 {[%clk 0:00:36]} 72. Bf7 {[%clk 0:32:16]} Ke5
{[%clk 0:00:39]} 73. Be8 {[%clk 0:29:35]} Kd5 {[%clk 0:00:56]} 74. Bf7+
{[%clk 0:29:59]} Kd6 {[%clk 0:01:22]} 75. c4 {[%clk 0:29:20]} Ke7
{[%clk 0:00:49]} 76. Bg8 {[%clk 0:29:18]} b4 {[%clk 0:00:45]} 77. Bh7
{[%clk 0:29:39]} Kd6 {[%clk 0:01:05]} 78. Bg6 {[%clk 0:30:04]} Kc5
{[%clk 0:01:27]} 79. Bf7 {[%clk 0:30:29]} Kd4 {[%clk 0:01:30]} 80. Bg8
{[%clk 0:30:51]} Bg5 {[%clk 0:01:46]} 81. Bf7 {[%clk 0:31:14]} Kd3
{[%clk 0:02:07]} 82. Bg6+ {[%clk 0:31:38]} Kd2 {[%clk 0:02:29]} 83. Bh7
{[%clk 0:31:48]} c5 {[%clk 0:02:09]} 84. Bg6 {[%clk 0:32:11]} Ke3
{[%clk 0:02:21]} 85. Bh7 {[%clk 0:32:34]} Kd4 {[%clk 0:02:46]} 86. Bg8
{[%clk 0:32:58]} Bf6 {[%clk 0:03:12]} 87. Bf7 {[%clk 0:33:22]} a2
{[%clk 0:01:45]} 88. Kxa2 {[%clk 0:33:45]} Kc3 {[%clk 0:02:12]} 89. Kb1
{[%clk 0:34:05]} b3 {[%clk 0:02:37]} 90. Bg8 {[%clk 0:34:31]} b2 {[%clk 0:03:02]}
91. Bf7 {[%clk 0:34:57]} Kb3 {[%clk 0:03:26]} 92. Bg8 {[%clk 0:35:20]} 1/2-1/2